01127nam a2200289 a 450000500170000000800410001702000180005802000180007602000180009404000480011204100080016006000110016824501430017926000860032230000450040850400530045365000130050665000390051965000300055865000310058870000300061970000310064970000330068070000430071370000360075670000450079220180313060910.0160921s2013 ck ad gr 00110 spa d a9789587615470 a9789587614886 a9789587614893 aCO-BoUCMbspacEdgar PinilladEdgar Pinilla0 aspa04aWD 21000aObesidad y enfermedades asociadascÁlvaro Acosta de Haart...[y otros] ; editoras Ismena Mockus Sivickas, Martha Liliana Trujillo Güiza aBogotá (Colombia)bUniversidad Nacional de Colombia. Facultad de Medicinac2013 a235 páginasbilustraciones, gráficas aIncluye referencias bibliográficas e índices04aObesidad04aEnfermedades producidas por dietas04aÍndice de masa corporal04aEnfermedades metabólicas1 aAcosta de Haart, Álvaro1 aAldana Díaz, José Luis1 aÁngel Arango, Luis Alberto1 aBohórquez Villamizar, Luisa Fernanda1 aMockus Sivickas, Ismenaeeditor1 aTrujillo Güiza, Martha Lilianaeeditor